Hydrology and Soil Conservation Engineering including Watershed Management (Record no. 657)

000 -LEADER
fixed length control field 00402 a2200121 4500
020 ## - INTERNATIONAL STANDARD BOOK NUMBER
International Standard Book Number 9788120335868
082 ## - DEWEY DECIMAL CLASSIFICATION NUMBER
Classification number 551.48 DAS
100 ## - MAIN ENTRY--PERSONAL NAME
Personal name Das, Ghanshyam
245 ## - TITLE STATEMENT
Title Hydrology and Soil Conservation Engineering including Watershed Management
Statement of responsibility, etc. Ghanshyam Das
250 ## - EDITION STATEMENT
Edition statement 2 nd ed.
260 ## - PUBLICATION, DISTRIBUTION, ETC.
Place of publication, distribution, etc. New Delhi :
Name of publisher, distributor, etc. PHI Learning Private Limited
Date of publication, distribution, etc. 2009
300 ## - PHYSICAL DESCRIPTION
Extent xii, 539p. :
Other physical details ill . ;
Dimensions 23 cm
650 ## - SUBJECT ADDED ENTRY--TOPICAL TERM
Topical term or geographic name entry element Hydrology and Soil Conservation
Holdings
Withdrawn status Lost status Damaged status Not for loan Permanent Location Current Location Shelving location Date acquired Total Checkouts Full call number Barcode Date last seen Date last checked out Price effective from Koha item type
        School of Civil and Environmental Engineering (SCEE) School of Civil and Environmental Engineering (SCEE)     1 551.48 DAS NIT-8270 10/23/2025 10/22/2019 01/05/2017 Book
        School of Civil and Environmental Engineering (SCEE) School of Civil and Environmental Engineering (SCEE)         NIT-6218 01/05/2017   01/05/2017 Book
© 2023 Central Library, National University of Sciences and Technology. All Rights Reserved.